000 01286cam a22001814a 4500
005 20250605164349.0
008 250528s ||||||||||||||||||||||||d
035 _a24062
040 _aGR-AtMCL
_bgre
_dGR-AtMCL
_eAACR2
245 1 _aΑπαραίτητη η Συγχώρεση Χρέους Επιχειρήσεων για να Αποφευχθεί η Πανδημία Πτωχεύσεων
260 _bΕμπορικό Και Βιομηχανικό Επιμελητήριο Αθηνών,
_c2020
300 _a64
520 _aΟι Εξαγωγικές Επιχειρήσεις παρά τις Αντιξοότητες Επιδεικνύοθν Ιδιαίτερα Ισχυρές Αντοχές, Οι Μικρομεσαίες Επιχειρήσεις στο Επίκεντρο της Έκθεσης, Σε Δημόσια Διαβούλευση η Βίβλος Ψηφιακού Μετασχηματισμού 2020-2025, Τα Εξαγωγικά Προϊόντα που Ξεχωρίζουν στην Εποχή της COVID-19, Με Γοργούς Ρυθμούς Θέλει να Περάσει στην Εποχή της Ηλεκτροκίνησης η Ελλάδα.
700 1 _aΜίχαλος Κωνσταντίνος
_94319
942 _cCR
999 _c8962
_d8962